[Event "Kuwait Rapid op 3rd"]
[Site "Kuwait City"]
[Date "2025.05.02"]
[Round "1"]
[White "Almuneer, Muhammad"]
[Black "Guseinov, Gadir"]
[Result "0-1"]
[WhiteElo "1627"]
[BlackElo "2636"]
[PlyCount "81"]
[EventDate "2025.05.02"]
[EventType "swiss (rapid)"]
[EventRounds "9"]
[EventCountry "KUW"]
[SourceTitle "CB19_2025"]
[SourceDate "2025.05.07"]
[SourceVersion "1"]
[SourceVersionDate "2025.05.07"]
[SourceQuality "1"]

1. e4 c5 2. c3 d5 3. exd5 Qxd5 4. c4 Qd8 5. Nc3 Nc6 6. g3 Bf5 7. Nf3 Nf6 8. d3 e6 9. Bg2 Qxd3 10. Qb3 Nb4 11. Bd2 0-0-0 12. 0-0-0 Qc2+ 13. Qxc2 Bxc2 14. Rde1 Bg6 15. Ne5 Bd6 16. a3 Nd3+ 17. Nxd3 Bxd3 18. b3 Ng4 19. Be3 Bf5 20. Nb5 Nxe3 21. Rxe3 a6 22. Nxd6+ Rxd6 23. Rd1 Rhd8 24. Rxd6 Rxd6 25. h3 h5 26. h4 Kc7 27. Be4 Bxe4 28. Rxe4 g6 29. Kc2 Kc6 30. f3 Rd8 31. g4 hxg4 32. fxg4 Rh8 33. g5 Kd6 34. Kd3 e5 35. Ke3 Ke6 36. Kf3 Kf5 37. b4 b6 38. bxc5 bxc5 39. a4 a5 40. Rg4 Rb8 41. Rg1 0-1

[Event "Julius Baer GenCup P/I m D2"]
[Site "Chess.com INT"]
[Date "2024.09.26"]
[Round "2.1"]
[White "Guseinov, Gadir"]
[Black "Lazavik, Denis"]
[Result "0-1"]
[WhiteElo "2636"]
[BlackElo "2578"]
[PlyCount "58"]
[EventDate "2024.09.26"]
[EventType "k.o. (rapid)"]
[EventRounds "2"]
[EventCountry "GER"]
[SourceTitle "EXT 2025"]
[Source "ChessBase"]
[SourceDate "2024.10.14"]
[SourceVersion "1"]
[SourceVersionDate "2024.10.14"]
[SourceQuality "1"]

1. e4 e5 2. Nf3 Nc6 3. d4 exd4 4. Bc4 Nf6 5. e5 Ne4 6. Qe2 Nc5 7. c3 d3 8. Qe3 Be7 9. 0-0 0-0 10. b4 Ne6 11. Bxd3 d6 12. Rd1 Bd7 13. exd6 Bxd6 14. b5 Ne7 15. Ba3 Re8 16. Bxd6 cxd6 17. Na3 Qc7 18. Rac1 Rad8 19. Nd4 Ng6 20. Nxe6 Bxe6 21. Bxg6 hxg6 22. Qd2 Qc5 23. Qb2 Rc8 24. Re1 Bf5 25. c4 d5 26. Rxe8+ Rxe8 27. h3 dxc4 28. Nxc4 Rc8 29. b6 axb6 0-1

[Event "Julius Baer GenCup Pl/In"]
[Site "Chess.com INT"]
[Date "2024.09.25"]
[Round "8"]
[White "Guseinov, Gadir"]
[Black "Woodward, Andy"]
[Result "1-0"]
[WhiteElo "2636"]
[BlackElo "2545"]
[PlyCount "99"]
[EventDate "2024.09.25"]
[EventType "swiss (rapid)"]
[EventRounds "9"]
[EventCountry "GER"]
[SourceTitle "EXT 2025"]
[Source "ChessBase"]
[SourceDate "2024.10.14"]
[SourceVersion "1"]
[SourceVersionDate "2024.10.14"]
[SourceQuality "1"]

1. e4 c5 2. Nc3 d6 3. Bb5+ Bd7 4. Bxd7+ Qxd7 5. d4 cxd4 6. Qxd4 Nc6 7. Qd3 g6 8. Nf3 Bg7 9. 0-0 Nf6 10. Nd5 0-0 11. Bg5 Nxd5 12. exd5 Ne5 13. Nxe5 Bxe5 14. c3 Rfc8 15. Rae1 b5 16. h4 Rc4 17. f4 Bf6 18. Bxf6 exf6 19. b3 Rc5 20. f5 Re8 21. fxg6 hxg6 22. h5 Rxe1 23. Rxe1 Qf5 24. Qxf5 gxf5 25. Re7 Rxc3 26. Rxa7 Rd3 27. a4 Rxb3 28. a5 Ra3 29. Kf2 b4 30. Ke2 Ra2+ 31. Kd3 Rxg2 32. Kc4 Rb2 33. Rd7 b3 34. Rxd6 Ra2 35. Kxb3 Rxa5 36. Kc4 Kg7 37. Rb6 Ra1 38. Rb3 Kf8 39. h6 Ke7 40. Rh3 Ra8 41. h7 Rh8 42. Kc5 f4 43. Kc6 f3 44. d6+ Ke6 45. d7 f2 46. Re3+ Kf5 47. Rf3+ Kg6 48. Rxf2 Ra8 49. Kb7 Ra2 50. Rxa2 1-0

[Event "Julius Baer GenCup Pl/In"]
[Site "Chess.com INT"]
[Date "2024.09.25"]
[Round "2"]
[White "Paichadze, Luka"]
[Black "Guseinov, Gadir"]
[Result "1/2-1/2"]
[WhiteElo "2516"]
[BlackElo "2636"]
[PlyCount "28"]
[EventDate "2024.09.25"]
[EventType "swiss (rapid)"]
[EventRounds "9"]
[EventCountry "GER"]
[SourceTitle "EXT 2025"]
[Source "ChessBase"]
[SourceDate "2024.10.14"]
[SourceVersion "1"]
[SourceVersionDate "2024.10.14"]
[SourceQuality "1"]

1. e4 c5 2. Nf3 e6 3. c3 Nf6 4. Bd3 d5 5. e5 Nfd7 6. Bc2 c4 7. d4 cxd3 8. Qxd3 Nc6 9. Qe2 Qc7 10. Bf4 f6 11. Ba4 Nc5 12. Bc2 Nd7 13. Ba4 Nc5 14. Bc2 Nd7 1/2-1/2

[Event "Titled Tuesday intern op 10th Sep Late"]
[Site "Chess,com INT"]
[Date "2024.09.10"]
[Round "1"]
[White "Meunier Pion, Jean"]
[Black "Guseinov, Gadir"]
[Result "0-1"]
[WhiteElo "2198"]
[BlackElo "2636"]
[PlyCount "88"]
[EventDate "2024.09.10"]
[EventType "swiss (blitz)"]
[EventRounds "11"]
[EventCountry "USA"]
[SourceTitle "EXT 2025"]
[Source "ChessBase"]
[SourceDate "2024.10.14"]
[SourceVersion "1"]
[SourceVersionDate "2024.10.14"]
[SourceQuality "1"]

1. e4 c5 2. Nf3 g6 3. d4 cxd4 4. Nxd4 Nc6 5. c4 Nf6 6. Nc3 d6 7. Be2 Bg7 8. Be3 0-0 9. 0-0 Bd7 10. Rc1 Nxd4 11. Bxd4 Bc6 12. f3 a5 13. b3 Nd7 14. Be3 Nc5 15. Qd2 e6 16. Rfd1 Be5 17. Bd3 Qh4 18. g3 Qe7 19. Bh6 Rfe8 20. Bf1 f5 21. Bg2 fxe4 22. Nxe4 Bxe4 23. fxe4 Nd7 24. Rf1 Bg7 25. Bg5 Bf6 26. Rxf6 Nxf6 27. Rf1 Rf8 28. Qf4 Kg7 29. Bh6+ Kg8 30. Bg5 e5 31. Bxf6 Qe6 32. Qh4 Rf7 33. Bh3 Qe8 34. Bg5 a4 35. b4 Rxf1+ 36. Bxf1 Qf7 37. Bh6 a3 38. Qg4 b5 39. c5 Qxa2 40. cxd6 Qf7 41. d7 a2 42. Bg5 a1Q 43. d8Q+ Rxd8 44. Bxd8 Qaxf1# 0-1

[Event "Crunchlab PlayIn Match D3"]
[Site "Chess.com INT"]
[Date "2024.07.18"]
[Round "1.1"]
[White "Guseinov, Gadir"]
[Black "Samadov, Read"]
[Result "0-1"]
[WhiteElo "2636"]
[BlackElo "2503"]
[PlyCount "54"]
[EventDate "2024.07.18"]
[EventType "k.o. (rapid)"]
[EventRounds "1"]
[EventCountry "USA"]
[SourceTitle "CBM 221 Extra"]
[Source "ChessBase"]
[SourceDate "2024.09.30"]
[SourceVersion "1"]
[SourceVersionDate "2024.09.30"]
[SourceQuality "1"]

1. e4 c5 2. Nc3 e6 3. d4 cxd4 4. Qxd4 Nc6 5. Qe3 Nf6 6. Nf3 d5 7. exd5 Nxd5 8. Nxd5 Qxd5 9. Bd3 Bc5 10. Qe2 Bd7 11. Be4 Qh5 12. g4 Qh3 13. c3 h5 14. g5 e5 15. b4 Bd6 16. Be3 Rc8 17. Rd1 Be7 18. Rg1 h4 19. g6 f6 20. Bd5 Be6 21. Qb5 0-0 22. Nxh4 Nd8 23. Qd7 Rxc3 24. Rg3 Rxe3+ 25. Rxe3 Bxb4+ 26. Ke2 Qg4+ 27. Kf1 Qxd1+ 0-1

[Event "Crunchlab PlayIn Match D3"]
[Site "Chess.com INT"]
[Date "2024.07.18"]
[Round "1.5"]
[White "Guseinov, Gadir"]
[Black "Samadov, Read"]
[Result "0-1"]
[WhiteElo "2636"]
[BlackElo "2503"]
[PlyCount "136"]
[EventDate "2024.07.18"]
[EventType "k.o. (rapid)"]
[EventRounds "1"]
[EventCountry "USA"]
[SourceTitle "CBM 221 Extra"]
[Source "ChessBase"]
[SourceDate "2024.09.30"]
[SourceVersion "1"]
[SourceVersionDate "2024.09.30"]
[SourceQuality "1"]

1. e4 c5 2. Nc3 d6 3. Bb5+ Bd7 4. Bxd7+ Qxd7 5. d4 cxd4 6. Qxd4 Nc6 7. Qd3 g6 8. Nf3 Bg7 9. 0-0 Nf6 10. Bg5 0-0 11. Nd5 Nxd5 12. exd5 Ne5 13. Nxe5 Bxe5 14. c3 Rfe8 15. Rae1 Rac8 16. f4 Bf6 17. Bxf6 exf6 18. Qd4 Kg7 19. Qxa7 Ra8 20. Qb6 Rxa2 21. h3 h5 22. Kh2 h4 23. Qf2 Rxe1 24. Rxe1 Qb5 25. Re2 Qxd5 26. Qxh4 Qb5 27. Qf2 d5 28. Rd2 Ra4 29. Qf3 Re4 30. Qd3 Qxd3 31. Rxd3 Re2 32. b4 Rc2 33. Rxd5 Rxc3 34. Rb5 Rc7 35. g4 Rc4 36. Kg3 Rc3+ 37. Kg2 Rc4 38. Kf3 Rc3+ 39. Kg2 Rc4 40. f5 gxf5 41. gxf5 Kh6 42. Rxb7 Kg5 43. b5 Rb4 44. b6 Kxf5 45. Rb8 Kg6 46. Kf3 f5 47. Ke3 f4+ 48. Kf3 Kf5 49. h4 Rb3+ 50. Kf2 Rb2+ 51. Ke1 Kf6 52. Kf1 f3 53. Ke1 Kg6 54. Kf1 Kf6 55. h5 Kg7 56. Ke1 Kh6 57. Kf1 Kg7 58. b7 Kh7 59. Ke1 Kg7 60. Kf1 Kh7 61. h6 f5 62. Kg1 f4 63. Kf1 Rb1+ 64. Kf2 Rb3 65. Kg1 Rb1+ 66. Kf2 Rb3 67. Ke1 Rb1+ 68. Kd2 f2 0-1

[Event "CrunchLab Masters PlayIn"]
[Site "Chess.com INT"]
[Date "2024.07.17"]
[Round "4"]
[White "Cuenca Jimenez, Jose Fernando"]
[Black "Guseinov, Gadir"]
[Result "0-1"]
[WhiteElo "2479"]
[BlackElo "2636"]
[PlyCount "68"]
[EventDate "2024.07.17"]
[EventType "swiss (rapid)"]
[EventRounds "9"]
[EventCountry "USA"]
[SourceTitle "CBM 221 Extra"]
[Source "ChessBase"]
[SourceDate "2024.09.30"]
[SourceVersion "1"]
[SourceVersionDate "2024.09.30"]
[SourceQuality "1"]

1. d4 Nf6 2. c4 g6 3. Nc3 Bg7 4. e4 d6 5. h3 0-0 6. Be3 a6 7. Nf3 b6 8. e5 Nfd7 9. e6 fxe6 10. Ng5 Nf6 11. Bd3 c5 12. d5 exd5 13. cxd5 e5 14. dxe6 d5 15. e7 Qxe7 16. Nxd5 Nxd5 17. Bc4 Kh8 18. Qxd5 Ra7 19. 0-0-0 Rd7 20. Qe4 Qf6 21. Qc2 Nc6 22. Ne4 Qe5 23. Rxd7 Bxd7 24. Rd1 Nb4 25. Qb1 Bf5 26. f3 b5 27. Bf1 c4 28. Bd2 Bxe4 29. fxe4 Nd3+ 30. Bxd3 cxd3 31. Re1 Rc8+ 32. Kd1 Qh5+ 33. g4 Qxh3 34. Be3 Rc2 0-1

[Event "CrunchLab Masters PlayIn"]
[Site "Chess.com INT"]
[Date "2024.07.17"]
[Round "8"]
[White "Frolyanov, Dmitry"]
[Black "Guseinov, Gadir"]
[Result "1/2-1/2"]
[WhiteElo "2491"]
[BlackElo "2636"]
[PlyCount "109"]
[EventDate "2024.07.17"]
[EventType "swiss (rapid)"]
[EventRounds "9"]
[EventCountry "USA"]
[SourceTitle "CBM 221 Extra"]
[Source "ChessBase"]
[SourceDate "2024.09.30"]
[SourceVersion "1"]
[SourceVersionDate "2024.09.30"]
[SourceQuality "1"]

1. d4 Nf6 2. c4 g6 3. Nf3 Bg7 4. g3 0-0 5. Bg2 c5 6. 0-0 cxd4 7. Nxd4 d5 8. cxd5 Nxd5 9. Nc3 Nxc3 10. bxc3 Qc7 11. Qb3 Nc6 12. Nxc6 bxc6 13. Bf4 Qa5 14. Bxc6 Be6 15. Qb4 Qxb4 16. cxb4 Bxa1 17. Bxa8 Bc3 18. Bf3 Bxb4 19. Rc1 a5 20. Rc2 f6 21. h4 Rd8 22. Kg2 Rd1 23. a4 Ra1 24. Bc6 Bb3 25. Rc1 Ra2 26. Rb1 Bc4 27. Rc1 Bb3 28. Rb1 Bf7 29. Bb5 e5 30. Bh6 Bd5+ 31. Kf1 Kf7 32. Rd1 Be6 33. f3 Bc5 34. Bd2 Bb6 35. Ke1 Ke7 36. Rc1 Bd7 37. Rb1 Bxb5 38. axb5 a4 39. Bb4+ Ke6 40. Rc1 Be3 41. Rb1 Bb6 42. Kd1 f5 43. Rc1 Be3 44. b6 Rb2 45. Rc4 a3 46. Bxa3 Rxb6 47. g4 h5 48. gxh5 gxh5 49. Kc2 Kd5 50. Rc8 Bf2 51. Rh8 Rc6+ 52. Kb3 Rb6+ 53. Kc2 Rc6+ 54. Kb3 Rb6+ 55. Kc2 1/2-1/2

[Event "Chess.com Classic Play In"]
[Site "Chess.com INT"]
[Date "2024.05.08"]
[Round "5"]
[White "Guseinov, Gadir"]
[Black "Tang, Andrew"]
[Result "0-1"]
[WhiteElo "2637"]
[BlackElo "2505"]
[PlyCount "120"]
[EventDate "2024.05.08"]
[EventType "swiss (rapid)"]
[EventRounds "9"]
[EventCountry "USA"]
[SourceTitle "CBM 220 Extra"]
[Source "ChessBase"]
[SourceDate "2024.07.31"]
[SourceVersion "1"]
[SourceVersionDate "2024.07.31"]
[SourceQuality "1"]

1. e4 e5 2. Nf3 Nc6 3. Bb5 g6 4. d4 exd4 5. Bg5 Be7 6. Bxc6 Bxg5 7. Bd5 Bf6 8. e5 Bg7 9. Qxd4 Ne7 10. Bb3 0-0 11. Nc3 Nc6 12. Qe3 Re8 13. 0-0-0 Nxe5 14. Rhe1 d6 15. Ng5 Nd3+ 16. Qxd3 Qxg5+ 17. Kb1 Be6 18. Bxe6 fxe6 19. g3 Qa5 20. Ne4 Re7 21. f4 Rae8 22. h4 Qf5 23. Qf3 d5 24. Nc5 c6 25. Nd3 e5 26. Qf2 e4 27. Nc1 d4 28. Qe2 c5 29. Qb5 b6 30. a4 h5 31. Nb3 Kh7 32. a5 Qd7 33. Qxd7 Rxd7 34. Nd2 e3 35. Nf3 Bf6 36. axb6 axb6 37. b3 b5 38. c3 e2 39. Rd3 c4 40. bxc4 bxc4 41. Rxd4 Bxd4 42. Nxd4 Re3 43. Kc2 Rde7 44. f5 Rxg3 45. fxg6+ Kxg6 46. Nxe2 Rg2 47. Kd1 Kh6 48. Nd4 Rxe1+ 49. Kxe1 Rh2 50. Kf1 Kg6 51. Nf3 Rc2 52. Ne5+ Kf5 53. Nxc4 Rxc3 54. Nd2 Kg4 55. Ne4 Rc2 56. Nf2+ Kf3 57. Nd3 Rd2 58. Ne5+ Kg3 59. Ng6 Rf2+ 60. Ke1 Rf6 0-1

[Event "Chess.com Classic Play In"]
[Site "Chess.com INT"]
[Date "2024.05.08"]
[Round "4"]
[White "Martinez Alcantara, Jose Eduardo"]
[Black "Guseinov, Gadir"]
[Result "1-0"]
[WhiteElo "2612"]
[BlackElo "2637"]
[PlyCount "119"]
[EventDate "2024.05.08"]
[EventType "swiss (rapid)"]
[EventRounds "9"]
[EventCountry "USA"]
[SourceTitle "CBM 220 Extra"]
[Source "ChessBase"]
[SourceDate "2024.07.31"]
[SourceVersion "1"]
[SourceVersionDate "2024.07.31"]
[SourceQuality "1"]

1. e4 c5 2. Nf3 g6 3. c3 d5 4. e5 Nc6 5. d4 cxd4 6. cxd4 Bg4 7. Bb5 Rc8 8. 0-0 Bg7 9. Nc3 Nh6 10. h3 Bxf3 11. Qxf3 Nf5 12. Ne2 0-0 13. Bxc6 Rxc6 14. g4 Nh6 15. Nf4 e6 16. Ne2 f6 17. exf6 Rxf6 18. Qd3 Rf8 19. Bf4 Nf7 20. Rad1 Qa5 21. a3 Qa6 22. Qe3 Rc2 23. Rd2 Rxd2 24. Qxd2 Rc8 25. Re1 Qa4 26. Qe3 Qd7 27. Nc1 Re8 28. Nd3 b6 29. Kg2 Qa4 30. Be5 Nxe5 31. Nxe5 Bxe5 32. Qxe5 Qc2 33. Qd6 Qxb2 34. Rxe6 Rf8 35. Rf6 Rxf6 36. Qxf6 Qxa3 37. Qe6+ Kf8 38. Qf6+ Ke8 39. Qc6+ Kf8 40. Qa8+ Ke7 41. Qb7+ Kd6 42. Qxh7 Qd3 43. Qxa7 Qxd4 44. Qb8+ Kd7 45. Qb7+ Kd6 46. Qb8+ Kc5 47. Qc7+ Kb4 48. Qd6+ Kb3 49. Qxg6 b5 50. h4 b4 51. h5 Kc3 52. h6 b3 53. h7 b2 54. Kg3 Kd2 55. Qh6+ Ke2 56. h8Q Qxf2+ 57. Kh3 Qf1+ 58. Kh4 Qh1+ 59. Kg5 b1Q 60. Qxh1 1-0

[Event "Titled Tuesday intern op 09th Apr Late"]
[Site "Chess.com INT"]
[Date "2024.04.09"]
[Round "2"]
[White "Hajiyev, Kanan"]
[Black "Guseinov, Gadir"]
[Result "1-0"]
[WhiteElo "2099"]
[BlackElo "2636"]
[PlyCount "113"]
[EventDate "2024.04.09"]
[EventType "swiss (blitz)"]
[EventRounds "11"]
[EventCountry "USA"]
[SourceTitle "EXT 2025"]
[Source "ChessBase"]
[SourceDate "2024.10.14"]
[SourceVersion "1"]
[SourceVersionDate "2024.10.14"]
[SourceQuality "1"]

1. d4 Nf6 2. Nf3 g6 3. g3 Bg7 4. Bg2 0-0 5. 0-0 d6 6. b3 c5 7. Bb2 Nc6 8. c4 Bd7 9. d5 Na5 10. Qe1 b5 11. Bc3 Nb7 12. e4 bxc4 13. bxc4 e6 14. Nbd2 exd5 15. exd5 Ba4 16. Qc1 Rb8 17. Rb1 Bd7 18. Qa3 a5 19. Rfe1 Qc7 20. Ng5 Bf5 21. Rb5 Rfe8 22. Rxe8+ Rxe8 23. Qb2 Re1+ 24. Bf1 Nxd5 25. Bxg7 Nb4 26. Bh6 Re5 27. f4 f6 28. fxe5 dxe5 29. Bg2 Nd6 30. Bd5+ Kh8 31. Ne6 Bxe6 32. Bxe6 Nxb5 33. cxb5 Qd6 34. Bc4 g5 35. a3 Nd3 36. Qc3 Ne1 37. Ne4 Qd1 38. Kf2 Nc2 39. Be2 Qh1 40. Qxc2 Qxh2+ 41. Ke3 Qxh6 42. Qxc5 g4+ 43. Kd3 Qg7 44. Qc8+ Qg8 45. Qxg8+ Kxg8 46. b6 Kg7 47. b7 f5 48. b8Q fxe4+ 49. Kxe4 a4 50. Qxe5+ Kh6 51. Qf4+ Kh5 52. Qxg4+ Kh6 53. Qh4+ Kg7 54. Qh5 Kh8 55. Kd4 h6 56. Qxh6+ Kg8 57. Bc4# 1-0

[Event "Chessable Masters Play In"]
[Site "Chess.com INT"]
[Date "2024.01.31"]
[Round "5"]
[White "Dragun, Kamil"]
[Black "Guseinov, Gadir"]
[Result "1/2-1/2"]
[WhiteElo "2553"]
[BlackElo "2636"]
[PlyCount "189"]
[EventDate "2024.01.31"]
[EventType "swiss (rapid)"]
[EventRounds "9"]
[EventCountry "USA"]
[SourceTitle "EXT 2025"]
[Source "ChessBase"]
[SourceDate "2024.10.14"]
[SourceVersion "1"]
[SourceVersionDate "2024.10.14"]
[SourceQuality "1"]

1. d4 Nf6 2. c4 g6 3. Nc3 Bg7 4. e4 d6 5. Nf3 0-0 6. Be2 e5 7. 0-0 exd4 8. Nxd4 Re8 9. f3 c6 10. Kh1 d5 11. cxd5 cxd5 12. Bg5 Nc6 13. Bb5 h6 14. Nxc6 bxc6 15. Bxc6 hxg5 16. Bxa8 d4 17. Ne2 Qb6 18. Rc1 Bd7 19. Bd5 Nxd5 20. exd5 Qxb2 21. Ng3 Qxa2 22. d6 Qd5 23. Ne4 Rxe4 24. fxe4 Qxd6 25. Qc2 Be5 26. Qc5 Bxh2 27. Qxd6 Bxd6 28. Rfd1 Be5 29. Rc5 Bf4 30. Rd5 Be6 31. Rd8+ Kg7 32. R1xd4 Kf6 33. Ra4 Be3 34. Kh2 Bb6 35. Ra8 Ke5 36. Kg3 Bd7 37. Rc4 Bb5 38. Rb4 Bc6 39. Rf8 Bc5 40. Rc4 Bxf8 41. Rxc6 a5 42. Kf3 a4 43. Ke3 a3 44. Ra6 f5 45. Rxg6 Bc5+ 46. Kd3 a2 47. Ra6 fxe4+ 48. Ke2 Kf4 49. Rxa2 Bd4 50. Ra4 Bg1 51. Ra8 Kg3 52. Kf1 Bf2 53. Re8 e3 54. Re4 g4 55. Re8 Kf4 56. Re6 Kf5 57. Rc6 Kf4 58. Rc8 g3 59. Ke2 Ke4 60. Rc4+ Kf5 61. Kf3 Ke5 62. Re4+ Kf5 63. Re8 Kf6 64. Kf4 Kf7 65. Re5 Kf6 66. Re4 Kg6 67. Ke5 Kf7 68. Kf5 Bg1 69. Re5 Bf2 70. Re6 Bg1 71. Rf6+ Ke7 72. Re6+ Kf7 73. Re5 Bf2 74. Re4 Bg1 75. Kg5 Bf2 76. Re5 Bg1 77. Kg4 Bf2 78. Kf3 Kf6 79. Rxe3 Bxe3 80. Kxe3 Kg7 81. Kf4 Kg6 82. Kg4 Kf6 83. Kxg3 Kg5 84. Kf3 Kf5 85. g4+ Kg5 86. Kg3 Kg6 87. Kf4 Kf6 88. g5+ Kg6 89. Kg4 Kg7 90. Kf5 Kf7 91. g6+ Kg7 92. Kg5 Kg8 93. Kf6 Kf8 94. g7+ Kg8 95. Kg6 1/2-1/2

[Event "Chessable Masters Play In"]
[Site "Chess.com INT"]
[Date "2024.01.31"]
[Round "8"]
[White "Guseinov, Gadir"]
[Black "Georgiadis, Nico"]
[Result "1-0"]
[WhiteElo "2636"]
[BlackElo "2547"]
[PlyCount "89"]
[EventDate "2024.01.31"]
[EventType "swiss (rapid)"]
[EventRounds "9"]
[EventCountry "USA"]
[SourceTitle "EXT 2025"]
[Source "ChessBase"]
[SourceDate "2024.10.14"]
[SourceVersion "1"]
[SourceVersionDate "2024.10.14"]
[SourceQuality "1"]

1. e4 e5 2. Nf3 Nc6 3. d4 exd4 4. Bc4 Nf6 5. e5 d5 6. Bb5 Ne4 7. Nxd4 Bd7 8. Bxc6 bxc6 9. 0-0 Be7 10. f3 Nc5 11. f4 Ne4 12. Nb3 a5 13. Be3 a4 14. N3d2 Bc5 15. Qe1 Bf5 16. Nxe4 Bxe3+ 17. Qxe3 Bxe4 18. Nd2 Bf5 19. Qc5 Ra6 20. Rf3 Qe7 21. Rc3 Qxc5+ 22. Rxc5 Kd7 23. b4 axb3 24. cxb3 Rb8 25. Kf2 Rb4 26. Ke3 h6 27. a4 g5 28. g3 g4 29. a5 h5 30. Ra4 Rb5 31. b4 Rxc5 32. bxc5 Kc8 33. Ra2 Be6 34. Ra3 Bf5 35. Nb3 Be4 36. Nd4 Kd7 37. f5 Ke7 38. f6+ Kd7 39. Kf4 Ra8 40. a6 Bb1 41. a7 Kc8 42. e6 fxe6 43. Ke5 Kb7 44. Rb3+ Kxa7 45. Rxb1 1-0

[Event "Chessable Masters Play In"]
[Site "Chess.com INT"]
[Date "2024.01.31"]
[Round "2"]
[White "Guseinov, Gadir"]
[Black "Ohanyan, Emin"]
[Result "0-1"]
[WhiteElo "2636"]
[BlackElo "2456"]
[PlyCount "70"]
[EventDate "2024.01.31"]
[EventType "swiss (rapid)"]
[EventRounds "9"]
[EventCountry "USA"]
[SourceTitle "EXT 2025"]
[Source "ChessBase"]
[SourceDate "2024.10.14"]
[SourceVersion "1"]
[SourceVersionDate "2024.10.14"]
[SourceQuality "1"]

1. e4 c5 2. Nc3 Nc6 3. Bb5 Nd4 4. Nf3 a6 5. Bd3 e6 6. 0-0 Nc6 7. a3 g6 8. b4 d6 9. bxc5 dxc5 10. e5 Bg7 11. Re1 Qc7 12. Bb2 Nge7 13. Ne4 0-0 14. Nf6+ Kh8 15. Ng5 h6 16. Qg4 Nf5 17. Qh3 Bxf6 18. exf6 Qf4 19. Ne4 b6 20. g3 Qf3 21. Nxc5 Qh5 22. Qxh5 gxh5 23. Be4 bxc5 24. Bxc6 Rb8 25. Be5 Rb6 26. Bf3 Bb7 27. Bxh5 Kg8 28. Rab1 Rxb1 29. Rxb1 Bd5 30. Rb6 Nd4 31. c3 Nf3+ 32. Bxf3 Bxf3 33. Rxa6 Rd8 34. Bf4 e5 35. Be3 Rb8 0-1

[Event "Wch Blitz"]
[Site "Samarkand"]
[Date "2023.12.30"]
[Round "21"]
[White "Guseinov, Gadir"]
[Black "Svidler, Peter"]
[Result "0-1"]
[WhiteElo "2636"]
[BlackElo "2689"]
[PlyCount "79"]
[EventDate "2023.12.29"]
[EventType "swiss (blitz)"]
[EventRounds "21"]
[EventCountry "UZB"]
[SourceTitle "CBM 217 Extra"]
[Source "ChessBase"]
[SourceDate "2024.01.31"]
[SourceVersion "1"]
[SourceVersionDate "2024.01.31"]
[SourceQuality "1"]

1. e4 c5 2. Nc3 d6 3. Bb5+ Nc6 4. Bxc6+ bxc6 5. f4 g6 6. Nf3 Bg7 7. 0-0 Nh6 8. d3 f5 9. e5 Nf7 10. Qe2 0-0 11. Kh1 Rb8 12. b3 Qc7 13. Re1 Nd8 14. Bb2 Ne6 15. Qd2 Nd4 16. Qf2 Nxf3 17. Qxf3 dxe5 18. fxe5 Be6 19. Na4 f4 20. c4 g5 21. Nxc5 Bf5 22. d4 Rbd8 23. Rad1 Qc8 24. Rd2 Bg4 25. Qe4 f3 26. Kg1 fxg2 27. Qxg2 Rf4 28. Rf2 Bh3 29. Qg3 Rg4 30. e6 Rxg3+ 31. hxg3 Qc7 32. Kh2 Bg4 33. Ne4 h6 34. Ref1 Bxe6 35. Nc5 Qc8 36. Re1 Bg4 37. Rxe7 Rf8 38. Rd2 Rf1 39. d5 Bxb2 40. d6 0-1

[Event "Wch Blitz"]
[Site "Samarkand"]
[Date "2023.12.30"]
[Round "15"]
[White "Korobov, Anton"]
[Black "Guseinov, Gadir"]
[Result "1/2-1/2"]
[WhiteElo "2672"]
[BlackElo "2636"]
[PlyCount "79"]
[EventDate "2023.12.29"]
[EventType "swiss (blitz)"]
[EventRounds "21"]
[EventCountry "UZB"]
[SourceTitle "CBM 217 Extra"]
[Source "ChessBase"]
[SourceDate "2024.01.31"]
[SourceVersion "1"]
[SourceVersionDate "2024.01.31"]
[SourceQuality "1"]

1. c4 Nf6 2. Nc3 g6 3. e4 d6 4. d4 Bg7 5. Nf3 0-0 6. Be2 c5 7. 0-0 cxd4 8. Nxd4 Nc6 9. Be3 Bd7 10. Nc2 a5 11. Rc1 a4 12. Na3 Qa5 13. Nab5 Rfc8 14. Bd2 Qd8 15. f3 Qa5 16. Kh1 Ne5 17. Nd5 Qd8 18. Ne3 Bc6 19. Bc3 Ned7 20. Rc2 Nh5 21. Bxg7 Nxg7 22. Rd2 Ne6 23. a3 Nec5 24. Ng4 Nb3 25. Rc2 Bxb5 26. cxb5 Rxc2 27. Qxc2 Rc8 28. Qd3 Ne5 29. Nxe5 dxe5 30. Qxd8+ Rxd8 31. Rd1 Rc8 32. Kg1 Rc2 33. Rd8+ Kg7 34. Bf1 Rxb2 35. Rd7 Kf6 36. Rxb7 Nd4 37. Ra7 e6 38. h4 h6 39. Rxa4 Nxb5 40. Bxb5 1/2-1/2

[Event "Wch Blitz"]
[Site "Samarkand"]
[Date "2023.12.29"]
[Round "8"]
[White "Cheparinov, Ivan"]
[Black "Guseinov, Gadir"]
[Result "1-0"]
[WhiteElo "2663"]
[BlackElo "2636"]
[PlyCount "191"]
[EventDate "2023.12.29"]
[EventType "swiss (blitz)"]
[EventRounds "21"]
[EventCountry "UZB"]
[SourceTitle "CBM 217 Extra"]
[Source "ChessBase"]
[SourceDate "2024.01.31"]
[SourceVersion "1"]
[SourceVersionDate "2024.01.31"]
[SourceQuality "1"]

1. e4 c5 2. Nf3 g6 3. d4 cxd4 4. Qxd4 Nf6 5. Nc3 Nc6 6. Qa4 d6 7. e5 dxe5 8. Nxe5 Bg7 9. Nxc6 bxc6 10. Qxc6+ Bd7 11. Qa6 0-0 12. Be2 Qc7 13. h3 Rab8 14. 0-0 Rfc8 15. Rd1 Bc6 16. Bf1 Nd7 17. Qe2 Nc5 18. a4 Bxc3 19. bxc3 Nxa4 20. Qe3 Be8 21. c4 Qc5 22. Qg3 Nb2 23. Rd5 Qc6 24. Rd4 a6 25. Qe5 Qf6 26. Qxf6 exf6 27. Rxa6 Na4 28. Rxf6 Rb1 29. Bd2 Nc5 30. Rfd6 Ne6 31. Re4 Ra8 32. Re1 Rb2 33. Bd3 Ba4 34. Bc3 Ra2 35. Rc1 Nf4 36. Be5 Ne6 37. h4 h5 38. Bxg6 fxg6 39. Rxe6 Bxc2 40. Re7 Kf8 41. Rc7 Re8 42. Re1 Kg8 43. c5 Ra6 44. Re3 Rae6 45. Bd4 Rxe3 46. Bxe3 Be4 47. Bd4 Re6 48. f3 Bc6 49. Kf2 Kf8 50. Kg3 Ke8 51. Rg7 Kf8 52. Kf4 Be8 53. Ra7 Re2 54. Kg3 Re6 55. Rc7 Rc6 56. Ra7 Re6 57. Ra3 Bc6 58. Be3 Be8 59. Bf4 Re2 60. Ra6 Rc2 61. Ra7 Bb5 62. Bd6+ Kg8 63. Ra1 Kf7 64. Rb1 Ba6 65. Re1 Bb5 66. Ra1 Bd3 67. Rd1 Bb5 68. Re1 Bd3 69. Kh2 Bb5 70. Kg1 Bd3 71. Ra1 Bb5 72. Ra5 Bd3 73. Ra7+ Kf6 74. Ra3 Bb5 75. Rb3 Be2 76. Rb6 Kf5 77. c6 Bc4 78. c7 Be6 79. Bg3 Kf6 80. Ra6 Kf7 81. Ra3 Ke7 82. Bf4 Kf7 83. Kh2 Ke7 84. Kg3 Kf7 85. Be5 Rc5 86. Kf4 Rc2 87. Kg3 Ke7 88. Rd3 Bf5 89. Rd8 Kf7 90. Bd6 Be6 91. Be5 Bf5 92. Rh8 Rc5 93. Kf4 Rc2 94. g3 Rc5 95. Rd8 Ke6 96. c8Q+ 1-0